| 000 | 01599nam a2200433 i 4500 | ||
|---|---|---|---|
| 001 | 14817 | ||
| 003 | KOSZ 005 | ||
| 005 | 20200415154049.0 | ||
| 008 | 070608s1972 pl a f 001 0 pol | ||
| 015 | _aPB 1972/10279 | ||
| 035 | _a991037166099705066 | ||
| 035 | _a(PL-WaBN)b19971400-48omnis_nlop | ||
| 035 | _ab19971400 | ||
| 035 | _a(OCoLC)69564282 | ||
| 035 | _a(PL)b0000001997140 | ||
| 035 | _a(EXLNZ-48OMNIS_NETWORK)9910402969505606 | ||
| 040 |
_aWA N _cWA N _dKOSZ 005/KK |
||
| 041 | 1 |
_apol _hger |
|
| 080 | _a519 | ||
| 100 | 1 |
_aStempell, Dieter. _eAutor |
|
| 245 | 1 | 0 |
_aRachunek prawdopodobieństwa w ujęciu programowanym / _cDieter Stempell ; tłumaczenie Anna Bartkowiak, Jerzy Wawrzynek. |
| 246 | 1 |
_iTytuł oryginału: _aProgrammierte Einführung in die Wahrscheinlichkeitsrechnung |
|
| 260 |
_aWarszawa : _bWydawnictwa Naukowo-Techniczne, _c1972. |
||
| 300 |
_a177, [2] strony : _bilustracje ; _c23 cm. |
||
| 336 |
_2rdacontent _aTekst _btxt |
||
| 337 |
_2rdamedia _aBez urządzenia pośredniczącego _bn |
||
| 338 |
_2rdacarrier _aWolumin _bnc |
||
| 380 | _aKsiążki | ||
| 388 | _a1901-2000 | ||
| 504 | _aBibliografia na stronach 154-155. Indeks | ||
| 658 | _aMatematyka | ||
| 650 | 7 |
_aPrawdopodobieństwo _2DBN |
|
| 700 | 1 |
_aBartkowiak, Anna _d(1930- ). _eTłumaczenie |
|
| 700 | 1 |
_aWawrzynek, Jerzy. _eTłumaczenie |
|
| 710 | 2 |
_aWydawnictwa Naukowo-Techniczne _4pbl |
|
| 856 |
_uhttp://koha.tu.koszalin.pl/cgi-bin/koha/opac-detail.pl?biblionumber=14817 _yKatalog online BPK |
||
| 942 |
_2UKD _cKS |
||
| 999 |
_c14817 _d14817 |
||